| 000 | 00526nam a2200217Ia 4500 | ||
|---|---|---|---|
| 003 | 0100 | ||
| 008 | 130227s9999 xx 000 0 und d | ||
| 040 | _cARRUPELIB | ||
| 050 | _aPL8681.9.K8R8 1976 | ||
| 100 | _aKuimba, Giles | ||
| 245 | _aRurimi inyoka | ||
| 260 | _aHarare | ||
| 260 | _bMambo Press | ||
| 260 | _C1976 | ||
| 300 | _a170p. | ||
| 300 | _b 22cm. | ||
| 650 | _bRace relations- Religious aspects- Reformed Church | ||
| 650 | _cReform Church- Doctrines | ||
| 650 | _dBlack theology | ||
| 942 |
_2lcc _01 |
||
| 999 |
_c5005 _d5005 |
||